[Event "Wch U12 Girls"]
[Site "Montesilvano"]
[Date "2024.11.20"]
[Round "6"]
[White "Siddhi, Rao"]
[Black "Ejsymont, Blanka"]
[Result "1/2-1/2"]
[WhiteElo "1677"]
[BlackElo "1945"]
[PlyCount "127"]
[EventDate "2024.11.15"]
[EventType "swiss"]
[EventRounds "11"]
[EventCountry "ITA"]
[SourceTitle "CB48_2024"]
[SourceDate "2024.11.28"]
[SourceVersion "1"]
[SourceVersionDate "2024.11.28"]
[SourceQuality "1"]

1. e4 c6 2. d4 d5 3. exd5 cxd5 4. Bd3 Nf6 5. c3 Bg4 6. Qb3 Qc7 7. h3 Bd7 8. Nf3 e6 9. 0-0 Bd6 10. Re1 Nc6 11. Qd1 0-0 12. Qe2 Be8 13. Ne5 Bxe5 14. dxe5 Nd7 15. f4 f6 16. exf6 Rxf6 17. Be3 e5 18. fxe5 Ndxe5 19. Bc2 Bg6 20. Bxg6 Nxg6 21. Nd2 Qg3 22. Qb5 Nge7 23. Bc5 Ng6 24. Nf1 Qf4 25. Qxb7 Rd8 26. Rad1 Qg5 27. Be3 Nf4 28. Bxf4 Qxf4 29. Re2 h6 30. Qb3 Na5 31. Qb5 Nc4 32. b3 Ne5 33. Ne3 Rg6 34. Kh1 Nf3 35. gxf3 Qxf3+ 36. Ng2 Rxg2 37. Rxg2 Qxd1+ 38. Kh2 Qf3 39. Qc5 Re8 40. Qd4 Qf7 41. Rd2 Re4 42. Qf2 Qc7+ 43. Qg3 Qxg3+ 44. Kxg3 Re3+ 45. Kg4 Rxc3 46. Rxd5 Rc7 47. h4 g6 48. Rd6 Kg7 49. Ra6 Rd7 50. Kg3 Rc7 51. Kg4 Rd7 52. h5 gxh5+ 53. Kxh5 Rd5+ 54. Kg4 Rd7 55. Kf5 Rf7+ 56. Kg4 Rd7 57. a3 Rc7 58. b4 Rd7 59. Ra5 Kg6 60. Ra6+ Kg7 61. a4 Rd4+ 62. Kh5 Rd5+ 63. Kg4 Rd4+ 64. Kh5 1/2-1/2

[Event "Wch U12 Girls"]
[Site "Montesilvano"]
[Date "2024.11.17"]
[Round "3"]
[White "Abak, Tuana"]
[Black "Siddhi, Rao"]
[Result "0-1"]
[WhiteElo "1806"]
[BlackElo "1677"]
[PlyCount "146"]
[EventDate "2024.11.15"]
[EventType "swiss"]
[EventRounds "11"]
[EventCountry "ITA"]
[SourceTitle "CB48_2024"]
[SourceDate "2024.11.28"]
[SourceVersion "1"]
[SourceVersionDate "2024.11.28"]
[SourceQuality "1"]

1. e4 e5 2. Nc3 Nc6 3. Bc4 Nf6 4. d3 Bc5 5. f4 d6 6. Nf3 Qe7 7. f5 Na5 8. Nd5 Nxd5 9. Bxd5 c6 10. Bb3 Nxb3 11. axb3 d5 12. Qe2 f6 13. Bd2 Bd7 14. g4 dxe4 15. dxe4 0-0-0 16. 0-0-0 Kb8 17. Qc4 Be8 18. Ba5 Rc8 19. Qd3 b6 20. Bc3 Bf7 21. h4 Rhd8 22. Qe2 Kb7 23. Kb1 a5 24. Rxd8 Rxd8 25. Rd1 Rd6 26. Rxd6 Qxd6 27. Qd2 Qxd2 28. Bxd2 Bf2 29. Kc1 Kc7 30. Kd1 Kd6 31. Ke2 Bc5 32. Ne1 Be8 33. Nd3 Bf7 34. Nxc5 Kxc5 35. Kd3 Kd6 36. g5 c5 37. gxf6 gxf6 38. Be1 Ke7 39. Bf2 Kd6 40. Be3 Ke7 41. Bh6 Kd6 42. Bf8+ Kd7 43. Ke3 Ke8 44. Bh6 Ke7 45. Kd3 Ke8 46. Kc3 Ke7 47. Bg7 Bg8 48. Kd3 Bf7 49. Ke3 Bg8 50. Bh6 Bf7 51. Kf2 Bg8 52. Kf3 Bf7 53. Kg4 Bg8 54. Be3 Bf7 55. Bd2 h5+ 56. Kf3 Bg8 57. Be3 Bf7 58. Ke2 Bg8 59. Kd2 Bf7 60. Kc1 Be8 61. Kb1 Bc6 62. Ka2 Bxe4 63. Ka3 Bxc2 64. Ka4 Bd3 65. b4 axb4 66. b3 Bxf5 67. Kb5 Bc2 68. Kc4 Kd6 69. Bf2 Kc6 70. Bxc5 Bxb3+ 71. Kxb4 bxc5+ 72. Kxb3 Kd5 73. Kc3 f5 0-1

[Event "GEO World Cup-B U12 Girls"]
[Site "Batumi"]
[Date "2024.06.27"]
[Round "5"]
[White "Kvirkvelia, Anastasia"]
[Black "Siddhi, Rao"]
[Result "0-1"]
[WhiteElo "1440"]
[BlackElo "1629"]
[PlyCount "34"]
[EventDate "2024.06.23"]
[EventType "swiss"]
[EventRounds "7"]
[EventCountry "GEO"]
[SourceTitle "EXT 2025"]
[Source "ChessBase"]
[SourceDate "2024.10.14"]
[SourceVersion "1"]
[SourceVersionDate "2024.10.14"]
[SourceQuality "1"]

1. g3 d5 2. Bg2 e5 3. d3 Nf6 4. Nf3 Nbd7 5. 0-0 Bc5 6. Bd2 e4 7. dxe4 dxe4 8. Nh4 Ne5 9. Nc3 Neg4 10. e3 g5 11. h3 gxh4 12. hxg4 Bxg4 13. Qe1 Qe7 14. gxh4 Bf3 15. a3 Rg8 16. Ne2 Rxg2+ 17. Kh1 Ng4 0-1

[Event "GEO World Cup-B U12 Girls"]
[Site "Batumi"]
[Date "2024.06.25"]
[Round "3"]
[White "Sreekarthika, Velmurugan"]
[Black "Siddhi, Rao"]
[Result "1-0"]
[WhiteElo "1838"]
[BlackElo "1629"]
[PlyCount "113"]
[EventDate "2024.06.23"]
[EventType "swiss"]
[EventRounds "7"]
[EventCountry "GEO"]
[SourceTitle "EXT 2025"]
[Source "ChessBase"]
[SourceDate "2024.10.14"]
[SourceVersion "1"]
[SourceVersionDate "2024.10.14"]
[SourceQuality "1"]

1. e4 e5 2. Bc4 Nf6 3. d3 Nc6 4. Nf3 Bc5 5. c3 d6 6. Nbd2 0-0 7. 0-0 a5 8. h3 h6 9. Re1 Be6 10. Bb3 Qb8 11. Nf1 Qa7 12. Be3 Rfe8 13. Bc2 Bxe3 14. Nxe3 d5 15. Nh4 Rad8 16. Qf3 d4 17. Nef5 Kh7 18. Ba4 dxc3 19. bxc3 Qc5 20. d4 exd4 21. cxd4 Qb4 22. Bc2 Bxf5 23. Nxf5 Kh8 24. Qg3 Qf8 25. Rad1 g6 26. Qh4 Ng8 27. d5 Nb4 28. Ne3 Qc5 29. Bb1 Kg7 30. Qg3 Kf8 31. Rc1 Qd6 32. Qxd6+ cxd6 33. Nc4 b5 34. Nxa5 Nf6 35. a3 Na6 36. Bd3 Nc5 37. Bxb5 Rxe4 38. Rxe4 Nfxe4 39. f3 Nf6 40. Bc6 Rb8 41. Nc4 Nd3 42. Rd1 Rb3 43. a4 Ke7 44. a5 Nb4 45. Bb7 Kd7 46. a6 Kc7 47. Ra1 Nxa6 48. Bxa6 Nxd5 49. Rc1 Nc3 50. Nd2 Kb6 51. Nxb3 Kxa6 52. Rxc3 d5 53. Nd4 Ka7 54. Kf2 Ka8 55. Rb3 f5 56. Nc6 d4 57. Rb8# 1-0

[Event "IND-ch U13 Girls"]
[Site "Secunderabad"]
[Date "2023.12.09"]
[Round "10"]
[White "Siddhi, Rao"]
[Black "Arshiya, Das"]
[Result "0-1"]
[WhiteElo "1467"]
[BlackElo "1729"]
[PlyCount "76"]
[EventDate "2023.12.04"]
[EventType "swiss"]
[EventRounds "11"]
[EventCountry "IND"]
[SourceTitle "EXT 2025"]
[Source "ChessBase"]
[SourceDate "2024.10.14"]
[SourceVersion "1"]
[SourceVersionDate "2024.10.14"]
[SourceQuality "1"]

1. e4 g6 2. d4 Bg7 3. Be3 d6 4. Nd2 a6 5. c3 h6 6. Ngf3 e6 7. Bd3 Ne7 8. 0-0 Nd7 9. Qc2 b6 10. Rfe1 Bb7 11. a4 0-0 12. Rad1 Qc8 13. h3 Kh7 14. Bf4 e5 15. Bh2 Nc6 16. dxe5 dxe5 17. Nc4 Qe8 18. b4 f6 19. Ne3 Ne7 20. Nd5 Rc8 21. Bc4 Nb8 22. Nxe7 Qxe7 23. Bd5 c6 24. Ba2 Rcd8 25. Nh4 Bc8 26. Bg3 Nd7 27. f4 exf4 28. Bxf4 Ne5 29. Bg3 b5 30. Rd4 Be6 31. Red1 Bxa2 32. Qxa2 Nc4 33. Qe2 Rxd4 34. cxd4 h5 35. axb5 axb5 36. Be1 Re8 37. e5 fxe5 38. dxe5 Nxe5 0-1

[Event "IND-ch U11 Girls"]
[Site "Visakhapatnam"]
[Date "2023.10.04"]
[Round "6"]
[White "Siddhi, Rao"]
[Black "Krupha, S Ukkali"]
[Result "1-0"]
[WhiteElo "1413"]
[BlackElo "1419"]
[PlyCount "183"]
[EventDate "2023.10.01"]
[EventType "swiss"]
[EventRounds "11"]
[EventCountry "IND"]
[SourceTitle "EXT 2025"]
[Source "ChessBase"]
[SourceDate "2024.10.14"]
[SourceVersion "1"]
[SourceVersionDate "2024.10.14"]
[SourceQuality "1"]

1. e4 c5 2. Nf3 a6 3. g3 b6 4. d4 cxd4 5. Bg2 Bb7 6. Nxd4 Nf6 7. Nc3 g6 8. 0-0 d6 9. Re1 e5 10. Nde2 Nbd7 11. Nd5 Nxd5 12. exd5 Bg7 13. Nc3 f5 14. Be3 0-0 15. Qd2 Nf6 16. Rad1 b5 17. a3 Qc7 18. h3 Rac8 19. Rc1 Qf7 20. Red1 Nh5 21. g4 Nf6 22. Qe2 h5 23. gxf5 gxf5 24. Qf3 Kh8 25. Qxf5 Rce8 26. Ne4 Bc8 27. Qf3 Qg6 28. Qg3 Qxg3 29. Nxg3 h4 30. Ne2 Nh5 31. Bg5 Nf4 32. Bxf4 exf4 33. Nd4 Bxd4 34. Rxd4 Re5 35. Rcd1 Kg7 36. Kh2 Re2 37. R1d2 Rxd2 38. Rxd2 Kg6 39. Bf3 Re8 40. Rd4 Kg5 41. c4 Bd7 42. b4 Rc8 43. Be2 f3 44. Bd3 bxc4 45. Bxc4 Bb5 46. Rg4+ Kh5 47. Bxb5 axb5 48. Rg7 Rc2 49. Rd7 Rxf2+ 50. Kg1 Rd2 51. Rxd6 Kg5 52. Rd8 Kf4 53. d6 Kg3 54. Rg8+ Kf4 55. Rf8+ Ke5 56. Rxf3 Rxd6 57. Rc3 Rd5 58. Kf2 Rd2+ 59. Kf3 Kd4 60. Rc5 Rd3+ 61. Kg4 Rxa3 62. Rxb5 Kc4 63. Rb8 Rg3+ 64. Kxh4 Rg7 65. b5 Kc5 66. Kh5 Rg1 67. h4 Rg7 68. Kh6 Rg2 69. h5 Rg4 70. Kh7 Rg3 71. h6 Rg5 72. b6 Rh5 73. Kg6 Rh1 74. h7 Rg1+ 75. Kf5 Rf1+ 76. Kg4 Rg1+ 77. Kf3 Rh1 78. h8Q Rxh8 79. Rxh8 Kxb6 80. Rh5 Kc6 81. Ke4 Kd6 82. Re5 Kc6 83. Rd5 Kb6 84. Kd4 Kc6 85. Kc4 Kb6 86. Rd6+ Kc7 87. Kc5 Kb7 88. Rd7+ Kc8 89. Kc6 Kb8 90. Rd8+ Ka7 91. Rc8 Ka6 92. Ra8# 1-0